Účtovná závierka podnikateľov účtujúcich v sústave podvojného účtovníctva za rok 1995
Prehľad právnych noriem upravujúcich účtovníctvo a účtovnú závierku za rok 1995. Prípravné práce pred uzatvorením účtovných kníh. Kontrola účtu 431 - Hospodársky výsledok. Inventarizácia. Účtovné prípady. Účtovanie DPH. Účtovanie opravných položiek. Uzatvorenie účtovných kníh. Otvorenie účtovných kn...
Enregistré dans:
| Auteur principal: | |
|---|---|
| Format: | Chapitre de livre |
| Langue: | slovaque |
| Sujets: | |
| Tags: |
Pas de tags, Soyez le premier à ajouter un tag!
|
MARC
| LEADER | 00000naa a2200000 4500 | ||
|---|---|---|---|
| 001 | r021315 | ||
| 005 | 20230912111221.8 | ||
| 041 | 0 | |a slo | |
| 044 | |a SK | ||
| 245 | 1 | 0 | |a Účtovná závierka podnikateľov účtujúcich v sústave podvojného účtovníctva za rok 1995 |c Anna Šlosárová |
| 520 | |a Prehľad právnych noriem upravujúcich účtovníctvo a účtovnú závierku za rok 1995. Prípravné práce pred uzatvorením účtovných kníh. Kontrola účtu 431 - Hospodársky výsledok. Inventarizácia. Účtovné prípady. Účtovanie DPH. Účtovanie opravných položiek. Uzatvorenie účtovných kníh. Otvorenie účtovných kníh. Zostavenie účtovnej závierky. Súvaha. Výkaz ziskov a strát. | ||
| 610 | 2 | 0 | |a závierka účtovná |
| 610 | 2 | 0 | |a podnikatelia |
| 610 | 2 | 0 | |a 1995 |
| 610 | 2 | 0 | |a účtovníctvo podvojné |
| 610 | 2 | 0 | |a normy právne |
| 610 | 2 | 0 | |a metodika |
| 610 | 2 | 0 | |a účtovanie |
| 610 | 2 | 0 | |a výkazy účtovné |
| 610 | 2 | 0 | |a výkaz ziskov a strát |
| 610 | 2 | 0 | |a účty |
| 610 | 2 | 0 | |a súvaha |
| 610 | 2 | 0 | |a cash flow |
| 610 | 2 | 0 | |a výsledok hospodársky |
| 100 | 1 | |a Šlosárová, Anna | |